Kviz o Vukovarsko-srijemskoj županiji - Statistics

General Stats
  • This quiz has been taken 4 times
  • The average score is 12 of 25
Answer Stats
Hint Answer % Correct
Nogometni klub nazvan po rimskom naselju na mjestu današnjih Vinkovaca Cibalia
100%
Vukovarski barokno-klasicistički dvorac bombardiran u Domovinskom ratu; kasnije obnovljen dvorac {Eltz}
75%
Kemičar i Nobelov laureat za otkrića na polimetilenima i višim terpenima Lavoslav Ružička
75%
MMA borac, boksač, kickboksač, bivši političar i antiteroristički specijalac Mirko "Cro Cop" Filipović
75%
Glasoviti suhomesnati proizvod slavonski {kulen}
75%
Godišnji vinkovački folklorni festival Vinkovačke {jeseni}
75%
Keramička posuda iz bakrenodobne vučedolske kulture (3000. – 2200. pr. Kr.); po nekima služila skladištenju halucinogenih tekućina Vučedolska {golubica}
75%
Zgrada koju su teško oštetile srpske snage u Domovinskom ratu; simbol stradanja grada Vukovara Vukovarski {vodotoranj}
75%
Srijemska planina čiji se veći dio nalazi u Srbiji {Fruška} gora
50%
Vinkovačka rock grupa Gorana Bareta (Vrijeme je da se krene) Majke
50%
Scenarist, dječji pisac i postmodernistički književnik (Koraljna vrata) Pavao Pavličić
50%
Ratni novinar ubijen tijekom bitke za Vukovar (1991.) Siniša Glavašević
50%
Rimski car rođen u tom naselju; ubijen u bici kod Drinopolja (378.) Valens
50%
Modernistički pjesnik, novelist i putopisac (Utjeha kose) Antun Gustav Matoš
25%
Popularni tip ženske radničke obuće tvrtke Borovo Borosana
25%
Pastirski mesni gulaš čobanac
25%
Autohtona pasmina svinje nastala na imanju grofa Pfeiffera {crna slavonska} svinja
25%
Povjesničar i medijevalist (Povijest Hrvata u vrijeme narodnih vladara) Ferdo Šišić
25%
Realistički književnik i šumar (Tena) Josip Kozarac
25%
Najstariji pronađeni indoeuropski kalendar; astralni kalendar vučedolske kulture Orion
25%
Panker, pjesnik, autodestruktivni performer, ubojica i vojnik poginuo u Domovinskom ratu (Ljuljajmo ljubljeni ljubičasti ljulj) Satan Panonski
25%
Paravojni zapovjednik osuđen za ratne zločine nad srpskim civilima Tomislav Merčep
25%
Najveći srpski konc-logor u Hrvatskoj tijekom Domovinskog rata Velepromet
25%
Vlak koji je simbolizirao mirnu reintegraciju hrvatskoga Podunavlja 1997. Vlak {mira}
25%
Spomenik Bogdana Bogdanovića žrtvama NDH u obliku stožaca; navodno dizajniran prema grobu etruščanskog kralja Larsa Porsene Spomen-park {Dudik}
0%
No matching quizzes found
Score Distribution
Percent of People with Each Score
Percentile by Number Answered
Your Score History
You have not taken this quiz